000 00444nam a22001577a 4500
999 _c17606
_d17606
003 OSt
005 20221109145638.0
008 221109b ||||| |||| 00| 0 eng d
040 _c0
100 _aJerusalem, Jigger J.
_946767
245 _aMore parent-child time needed to stem rise in teen pregnancies /
260 _aPhilippines ;
_cNovember 28, 2019.
_bInquirer,
300 _apage A10.
650 _aPregnancy.
_946768
942 _2ddc
_cPER